000 00967nam a22002897a 4500
001 8271
003 FISKH
005 20250905161351.0
008 250905b cb ||||| |||| 00| 0 eng d
020 _a9780394800776
040 _aFISKH
_beng
_cFISKH
_dFISKH
050 _a PZ10.G257 H
082 _a811
100 _aSeuss
245 _aHorton hatches the egg /
_cBy Dr. Seuss
260 _aNew York :
_bRandom House ,
_c1940.
300 _a64 unnumbered pages :
_bcolor illustrations ;
_c28 cm .
490 _aHorton the Elephant
_v1
490 _aHorton
_v2
505 _aM
520 _aWhen a lazy bird hatching an egg wants a vacation, she asks Horton, the elephant, to sit on her egg--which he does through all sorts of hazards until he is rewarded for doing what he said he would.
521 8 _a560
_bLexile
521 8 _aM
_bRa-Plus
650 _aElephants-Legend and stories
_vFiction
942 _2ddc
_cBK
_n0
999 _c8271
_d8271